Länder, die Nordkorea am Nächsten Liegen - 1 Minute Sprint - Statistiken

Allgemein
  • Dieses Quiz wurde 73 mal gespielt
  • Das Durchschnittsergebnis liegt bei 14 aus 20
Antwortstatistiken
Km Land % Korrekt
0 China
100%
0 Südkorea
100%
0 Russland
97%
418 Japan
93%
2440 Vietnam
92%
2766 Laos
90%
3203 Kambodscha
80%
768 Mongolei
80%
1439 Taiwan
80%
3014 Thailand
78%
2849 Indien
69%
2731 Myanmar
69%
1941 Philippinen
69%
3492 Malaysia
61%
3135 Vereinigte Staaten
54%
3357 Bangladesch
46%
3357 Bhutan
44%
3092 Kasachstan
41%
3425 Palau
14%
3355 Mikronesien
8%
Keine übereinstimmenden Quizze gefunden
Verteilung der Resultate
Anzahl Personen mit jedem Resultat
Perzentil nach korrekt beantworteten Fragen
Ihre Resultats-Entwicklung
Sie haben dieses Quiz noch nicht gespielt